00326nam a22000977a 4500082001200000100001900012245007500031260004100106650004300147700003800190 a200 THE aFareena Fatima aTH-SOF-1562-Analysis of Visual Field Reports for Diagnosis of Glaucoma aISLAMABADbNUST COLLEGE OF EMEc2018 aMS-COMPUTER ENGINEERING-81 MSTHESIS  a Advisor Dr. Muhammad Usman Akram